<?xml version='1.0' encoding='UTF-8'?>
  <record xmlns="http://www.loc.gov/MARC21/slim">
    <leader>00000cam a2200000 a 4500</leader>
    <controlfield tag="001">ocm10607720</controlfield>
    <controlfield tag="003">OCoLC</controlfield>
    <controlfield tag="005">20250901105743.6</controlfield>
    <controlfield tag="008">840409s1763    fr af    b    000 0 lat d</controlfield>
    <datafield tag="040" ind1=" " ind2=" ">
      <subfield code="a">UIU</subfield>
      <subfield code="b">eng</subfield>
      <subfield code="c">UIU</subfield>
      <subfield code="d">OCL</subfield>
      <subfield code="d">OCLCQ</subfield>
      <subfield code="d">GBVCP</subfield>
      <subfield code="d">OCLCO</subfield>
      <subfield code="d">OCLCQ</subfield>
      <subfield code="d">OCLCF</subfield>
      <subfield code="d">OCLCQ</subfield>
      <subfield code="d">OCLCO</subfield>
      <subfield code="d">OCLCQ</subfield>
      <subfield code="d">OCLCO</subfield>
      <subfield code="d">OCLCL</subfield>
      <subfield code="d">OCLCQ</subfield>
    </datafield>
    <datafield tag="019" ind1=" " ind2=" ">
      <subfield code="a">22689752</subfield>
    </datafield>
    <datafield tag="029" ind1="1" ind2=" ">
      <subfield code="a">NLGGC</subfield>
      <subfield code="b">162048904</subfield>
    </datafield>
    <datafield tag="029" ind1="1" ind2=" ">
      <subfield code="a">ZWZ</subfield>
      <subfield code="b">042651336</subfield>
    </datafield>
    <datafield tag="035" ind1=" " ind2=" ">
      <subfield code="a">(OCoLC)10607720</subfield>
      <subfield code="z">(OCoLC)22689752</subfield>
    </datafield>
    <datafield tag="041" ind1="1" ind2=" ">
      <subfield code="a">lat</subfield>
      <subfield code="a">fre</subfield>
      <subfield code="h">lat</subfield>
    </datafield>
    <datafield tag="050" ind1=" " ind2="4">
      <subfield code="a">QB6</subfield>
      <subfield code="b">.L33 1763</subfield>
    </datafield>
    <datafield tag="082" ind1="0" ind2="4">
      <subfield code="a">523.8908</subfield>
      <subfield code="b">L116c</subfield>
      <subfield code="2">19</subfield>
    </datafield>
    <datafield tag="084" ind1=" " ind2=" ">
      <subfield code="a">16,12</subfield>
      <subfield code="2">ssgn</subfield>
    </datafield>
    <datafield tag="100" ind1="1" ind2=" ">
      <subfield code="a">La Caille, Nicolas Louis de,</subfield>
      <subfield code="d">1713-1762.</subfield>
    </datafield>
    <datafield tag="245" ind1="1" ind2="0">
      <subfield code="a">Coelum australe stelliferum, seu, Observationes ad construendum stellarum australium catalogum institutae :</subfield>
      <subfield code="b">in Africa ad Caput Bonae-Spei /</subfield>
      <subfield code="c">a Nicolao-Ludovico de La Caille ...</subfield>
    </datafield>
    <datafield tag="260" ind1=" " ind2=" ">
      <subfield code="a">Parisiis :</subfield>
      <subfield code="b">Sumptibus Hipp. Lud. Guerin &amp; Lud. Fr. Delatour ...,</subfield>
      <subfield code="c">1763.</subfield>
    </datafield>
    <datafield tag="300" ind1=" " ind2=" ">
      <subfield code="a">[ii], 24, iii-xix, 141, [19] pages, [1] folded leaf of plates :</subfield>
      <subfield code="b">illustrations ;</subfield>
      <subfield code="c">27 cm (4to)</subfield>
    </datafield>
    <datafield tag="336" ind1=" " ind2=" ">
      <subfield code="a">text</subfield>
      <subfield code="b">txt</subfield>
      <subfield code="2">rdacontent</subfield>
    </datafield>
    <datafield tag="337" ind1=" " ind2=" ">
      <subfield code="a">unmediated</subfield>
      <subfield code="b">n</subfield>
      <subfield code="2">rdamedia</subfield>
    </datafield>
    <datafield tag="338" ind1=" " ind2=" ">
      <subfield code="a">volume</subfield>
      <subfield code="b">nc</subfield>
      <subfield code="2">rdacarrier</subfield>
    </datafield>
    <datafield tag="500" ind1=" " ind2=" ">
      <subfield code="a">Signatures: a-c⁴, b-e², A-2R².</subfield>
    </datafield>
    <datafield tag="500" ind1=" " ind2=" ">
      <subfield code="a">Gathering a of the first group and gathering b of the second group preceded by unsigned leaf.</subfield>
    </datafield>
    <datafield tag="500" ind1=" " ind2=" ">
      <subfield code="a">"Observationes ..." (p. iv-xix)--include French translation on facing pages</subfield>
    </datafield>
    <datafield tag="500" ind1=" " ind2=" ">
      <subfield code="a">Engraved plate of the Ptolemaic southern constellations.</subfield>
    </datafield>
    <datafield tag="500" ind1=" " ind2=" ">
      <subfield code="a">Biography of Lacaille by Gabriel Brotier: p. 1-19.</subfield>
    </datafield>
    <datafield tag="504" ind1=" " ind2=" ">
      <subfield code="a">Bibliography of Lacaille's works: pages 20-24.</subfield>
    </datafield>
    <datafield tag="510" ind1="4" ind2=" ">
      <subfield code="a">Warner. The sky explored,</subfield>
      <subfield code="c">p. 142-143</subfield>
    </datafield>
    <datafield tag="500" ind1=" " ind2=" ">
      <subfield code="a">Contemporary calf binding, gilt on spine. Spine and edges slightly worn.</subfield>
      <subfield code="5">IU</subfield>
    </datafield>
    <datafield tag="650" ind1=" " ind2="0">
      <subfield code="a">Astrographic catalog and chart</subfield>
      <subfield code="v">Early works to 1800.</subfield>
    </datafield>
    <datafield tag="650" ind1=" " ind2="0">
      <subfield code="a">Astronomy</subfield>
      <subfield code="v">Observations</subfield>
      <subfield code="v">Early works to 1800.</subfield>
    </datafield>
    <datafield tag="650" ind1=" " ind2="6">
      <subfield code="a">Catalogues astrographiques</subfield>
      <subfield code="v">Ouvrages avant 1800.</subfield>
    </datafield>
    <datafield tag="650" ind1=" " ind2="6">
      <subfield code="a">Astronomie</subfield>
      <subfield code="v">Observations</subfield>
      <subfield code="v">Ouvrages avant 1800.</subfield>
    </datafield>
    <datafield tag="650" ind1=" " ind2="7">
      <subfield code="a">Astrographic catalog and chart.</subfield>
      <subfield code="2">fast</subfield>
      <subfield code="0">(OCoLC)fst00819391</subfield>
    </datafield>
    <datafield tag="650" ind1=" " ind2="7">
      <subfield code="a">Astronomy.</subfield>
      <subfield code="2">fast</subfield>
      <subfield code="0">(OCoLC)fst00819673</subfield>
    </datafield>
    <datafield tag="655" ind1=" " ind2="7">
      <subfield code="a">Early works.</subfield>
      <subfield code="2">fast</subfield>
      <subfield code="0">(OCoLC)fst01411636</subfield>
    </datafield>
    <datafield tag="655" ind1=" " ind2="7">
      <subfield code="a">Observations.</subfield>
      <subfield code="2">fast</subfield>
      <subfield code="0">(OCoLC)fst01423822</subfield>
    </datafield>
    <datafield tag="758" ind1=" " ind2=" ">
      <subfield code="i">has work:</subfield>
      <subfield code="a">Coelum australe stelliferum, seu, Observationes ad construendum stellarum australium catalogum institutae (Text)</subfield>
      <subfield code="1">https://id.oclc.org/worldcat/entity/E39PCGF8tF8gYXfCXgD3MBMhQC</subfield>
      <subfield code="4">https://id.oclc.org/worldcat/ontology/hasWork</subfield>
    </datafield>
    <datafield tag="776" ind1="0" ind2="8">
      <subfield code="i">Online version:</subfield>
      <subfield code="a">La Caille, Nicolas Louis de, 1713-1762.</subfield>
      <subfield code="t">Coelum australe stelliferum, seu, Observationes ad construendum stellarum australium catalogum institutae.</subfield>
      <subfield code="d">Parisiis : Sumptibus Hipp. Lud. Guerin &amp; Lud. Fr. Delatour ..., 1763</subfield>
      <subfield code="w">(OCoLC)1287653084</subfield>
    </datafield>
  </record>